[Event "Titled Tuesday intern op 19th Oct"]
[Site "Chess.com INT"]
[Date "2021.10.19"]
[Round "3"]
[White "Gubanov, Oleg"]
[Black "Dahanayake, Isara Banidu"]
[Result "0-1"]
[WhiteElo "2258"]
[BlackElo "1721"]
[PlyCount "80"]
[EventDate "2021.10.19"]
[EventType "swiss (blitz)"]
[EventRounds "11"]
[EventCountry "USA"]
[SourceTitle "CBM 204 Extra"]
[Source "ChessBase"]
[SourceDate "2021.11.30"]
[SourceVersion "1"]
[SourceVersionDate "2021.11.30"]
[SourceQuality "1"]

1. e4 c5 2. Nf3 d6 3. c3 Nf6 4. Bc4 Nc6 5. Qe2 Bg4 6. h3 Bxf3 7. Qxf3 Ne5 8. Bb5+ Nfd7 9. Qe2 a6 10. Ba4 b5 11. Bc2 e6 12. d4 Nc4 13. 0-0 Be7 14. Nd2 Nxd2 15. Bxd2 0-0 16. e5 dxe5 17. dxe5 Qc7 18. f4 g6 19. h4 Bxh4 20. Rf3 Be7 21. Rh3 Rfd8 22. Kf2 c4 23. Rah1 Nf8 24. g4 Bc5+ 25. Ke1 Rd7 26. Qh2 Rad8 27. Bc1 Qb6 28. Rxh7 Nxh7 29. Qxh7+ Kf8 30. f5 Bf2+ 31. Ke2 Rd5 32. Qh8+ Ke7 33. Qf6+ Kd7 34. Rh7 Kc8 35. Qxf7 Rxe5+ 36. Kf3 Re3+ 37. Kg2 Rg3+ 38. Kh2 Bg1+ 39. Kxg3 Qf2+ 40. Kh3 Qh2# 0-1